| 000 | 00368pab a2200145 454500 | ||
|---|---|---|---|
| 008 | 180718b1985 xxu||||| |||| 00| 0 eng d | ||
| 100 | _aJayaswal, Meera | ||
| 245 | _aHealth modernity and its correlates in women of South Bihar | ||
| 260 | _c1985 | ||
| 300 | _a7-14 | ||
| 362 | _aJune | ||
| 650 | _aWomen - India - Bihar | ||
| 773 | _aSocial Change | ||
| 909 | _a20961 | ||
| 999 |
_c20961 _d20961 |
||